Plenty of people.

Bibliographic Details
Main Author: Thompson, Warren Simpson, 1887-1950
Format: Book
Language:English
Published: Lancaster, Pa. : The Jaques Cattell press, [1944]
Series:Science for war and peace series.
Subjects:

MARC

Tag First Indicator Second Indicator Subfields
LEADER 00000cam a2200000 4500
001 in00000059526
005 20151007082510.0
008 730514s1944 eng u
010 |a  44004624  
035 |a (OCoLC)00621118 
035 |9 AAF7969AM 
040 |c CWR  |d TXA  |d UtOrBLW 
049 |a TXAM  |c [131131] 
050 0 0 |a HB881  |b .T5 
092 |a 312.8  |b T478p 
100 1 |a Thompson, Warren Simpson,  |d 1887-1950. 
245 1 0 |a Plenty of people. 
264 1 |a Lancaster, Pa. :  |b The Jaques Cattell press,  |c [1944] 
300 |a x, 246 pages :  |b illustrations (maps) diagrams ;  |c 20 cm. 
336 |a text  |b txt  |2 rdacontent 
337 |a unmediated  |b n  |2 rdamedia 
338 |a volume  |b nc  |2 rdacarrier 
490 1 |a Science for war and peace series 
504 |a Bibliographical references. 
650 0 |a Population. 
830 0 |a Science for war and peace series. 
999 |a MARS 
999 f f |s efca2d40-8649-35e6-a415-7a0f7cefcc9d  |i b14f07f8-a9ca-3bf2-8695-2e6acd50b45f  |t 0 
952 f f |p ric  |a Texas A&M University  |b Rellis Campus  |c Joint Library Facility  |d Remote Storage  |t 0  |e HB881 .T5  |h Library of Congress classification  |i unmediated -- volume  |m A14800655705 
998 f f |a HB881 .T5  |t 0  |l Remote Storage